PEYGAMBERİMİZ ÇOCUKLARLA (Kayıt no. 1107250)

MARC ayrıntıları
000 -LEADER
sabit uzunluktaki kontrol alanı 00273nam a2200097Ia 4500
001 - KONTROL NUMARASI
kontrol alanı 1107250
005 - EN SON İŞLEMİN TARİH VE ZAMANI
kontrol alanı 20250827003454.0
008 - SABİT-UZUNLUKTA VERİ ÖĞELERİ--GENEL BİLGİ
sabit uzunluktaki kontrol alanı 250824s9999 xx 000 0 und d
245 #0 - ESER / YAZAR
ESER ADI PEYGAMBERİMİZ ÇOCUKLARLA
Yazar Adı BEKİR KARABIYIK-YUNUS EMRE SAYAN
260 ## - YAYIN, DAĞITIM, VB.
YAYIN EVİ HÜNER YAYINEVİ
Mevcut
Düşüm durumu Kayıp durumu Hasar Durumu Ödünç verilmez Ana kütüphane Geçerli Kütüphane Edinilen tarih Toplam ödünç verme sayısı Barkod Son görüntüleme tarihi Fiyatın geçerli olmaya başladığı tarih Koha materyal türü
        SEYİT ULUGÜLYAĞCI İMAM HATİP ORTAOKULU-2 SEYİT ULUGÜLYAĞCI İMAM HATİP ORTAOKULU-2 24.08.2025   10793987 27.08.2025 27.08.2025 Kitaplar
Gemini Bilgi Teknolojileri A.Ş. tarafından düzenlenmiştir.